| 000 | 00609nam a2200193Ia 4500 | ||
|---|---|---|---|
| 005 | 20250508160718.0 | ||
| 008 | 008 250505s9999 xx 000 0 eng d | ||
| 037 | _aBooks to be hide in OPAC | ||
| 040 |
_aFEDL _beng _cFEDL |
||
| 041 |
_aeng _2eng |
||
| 084 |
_a370.3, ENC _qFEDL |
||
| 100 | _aBiswas A | ||
| 245 | 0 | _aEncyclopaedic : Dictionary and directory of education (With special reference to India ) Vol. 1 | |
| 260 |
_aNew Delhi, India _bThe Academic Publishers _c1971 |
||
| 300 | _a92p. | ||
| 700 |
_a Aggarwal J C _9769169 |
||
| 942 |
_cHB _h370.3, ENC |
||
| 999 |
_c1366172 _d1366172 |
||